|
|
|
|
| LEADER |
02024nam a2200505 a 4500 |
| 001 |
nkc20081795260 |
| 003 |
CZ PrNK |
| 005 |
20080530135112.0 |
| 007 |
ta |
| 008 |
080327s2007 xr a d p 000 0 cze |
| 015 |
|
|
|a cnb001795260
|
| 020 |
|
|
|a 978-80-87113-02-8
|q (brož.)
|
| 035 |
|
|
|a (OCoLC)228782095
|
| 040 |
|
|
|a ABA001
|b cze
|
| 072 |
|
7 |
|a 537
|x Elektřina
|2 Konspekt
|9 6
|
| 072 |
|
7 |
|a 37.016
|x Učební osnovy. Vyučovací předměty. Učebnice
|2 Konspekt
|9 22
|
| 080 |
|
|
|a 537.1
|2 MRF
|
| 080 |
|
|
|a 537.6
|2 MRF
|
| 080 |
|
|
|a (075.3)
|2 MRF
|
| 100 |
1 |
|
|a Masná, Michaela
|7 jx20080327017
|4 aut
|
| 245 |
1 |
0 |
|a Elektřina a magnetismus :
|b učební text pro distanční formu vzdělávání /
|c Michaela Masná
|
| 246 |
3 |
|
|a Elektřina a magnetizmus
|
| 250 |
|
|
|a Vyd. 1.
|
| 260 |
|
|
|a Orlová :
|b Obchodní akademie Orlová,
|c 2006 [i.e. 2007]
|
| 300 |
|
|
|a 78 s. :
|b il. ;
|c 30 cm
|
| 490 |
1 |
|
|a Informatika v ekonomice v distanční formě vzdělávání na středních školách
|
| 500 |
|
|
|a V prelimináriích uvedeni autoři Michaela Masná, Libor Koníček
|
| 500 |
|
|
|a Správné vročení na rubu tit. s.
|
| 500 |
|
|
|a 20 výt.
|
| 504 |
|
|
|a Obsahuje bibliografii
|
| 521 |
8 |
|
|a Určeno pro studium oboru 63-41-M/040 Informatika v ekonomice
|
| 650 |
0 |
7 |
|a elektřina
|7 ph119908
|2 czenas
|
| 650 |
0 |
7 |
|a magnetismus
|7 ph122550
|2 czenas
|
| 650 |
0 |
9 |
|a electricity
|2 eczenas
|
| 650 |
0 |
9 |
|a magnetism
|2 eczenas
|
| 655 |
|
7 |
|a učebnice středních škol
|7 fd133771
|2 czenas
|
| 655 |
|
9 |
|a textbooks (secondary)
|2 eczenas
|
| 700 |
1 |
|
|a Koníček, Libor,
|d 1969-
|7 mzk2005266283
|4 aut
|
| 830 |
|
0 |
|a Informatika v ekonomice v distanční formě vzdělávání na středních školách
|0 s
|
| 856 |
4 |
1 |
|u http://www.digitalniknihovna.cz/mzk/uuid/uuid:58936b80-41af-11ea-9231-005056827e51
|y Digitalizovaný dokument
|x NDK
|
| 910 |
2 |
|
|a BOA001
|b 3-1203.313
|
| 990 |
|
|
|a BK
|
| 995 |
|
|
|a 01
|
| 991 |
|
|
|b 200805
|c NOV
|
| 996 |
6 |
|
|b 2610341634
|c 3-1203.313
|l MZK
|r Sklad / do 1 hodiny
|n 1
|p p.v.
|w 000894066
|u 000010
|a 1
|e BOA001
|j MZK50
|s P
|